000 00618nam a2200253Ia 4500
005 20260121160851.0
008 008 260114s9999 xx 000 0 eng d
020 _a9781315715759
037 _aEBOOK
040 _aCRL
040 _beng
040 _cCRL
041 _2eng
041 _aeng
084 _qCRL
100 _a Roland Chaplain
_91037323
245 0 _aTeaching Without Disruption in the Primary School
260 _bTaylor and Francis
260 _c2016
856 _uhttp://www.taylorfrancis.com/books/9781315715759
942 _cEBOOK
999 _c1604139
_d1604139